000 00829nam a2200241Ia 4500
003 OSt
005 20221005105359.0
006 a|||||r|||| 00| 0
007 ta
008 221004b |||||||| |||| 00| 0 hin d
024 _a29827
037 _cTextual
040 _aCRL
_cCRL
_bhin
041 _2hin
_ahin
082 _aX:71, 152L9
100 _aमिश्र, श्रीकान्त
245 0 _aव्यष्टि अर्थशास्त्र
246 _aVyaṣhṭi arthashāstra
260 _aनई दिल्ली
_bदि मैकमिलन कंपनी ऑफ इंडिया लिमिटेड भारत
_c1979
300 _a594पृ.
_ccm.
942 _hX:71, 152L9
_cTEXL
_2cc
999 _c1015657
_d1015657